[Event "World Blitz 2023"]
[Site "Samarkand UZB"]
[Date "2023.12.30"]
[Round "20.18"]
[White "Fressinet, Laurent"]
[Black "Karthik, Venkataraman"]
[Result "0-1"]
[WhiteElo "2636"]
[BlackElo "2440"]
[EventDate "2023.12.29"]

1. d4 d5 2. Nf3 Nf6 3. c4 e6 4. Nc3 Nbd7 5. Bg5 h6 6. Bh4 c6 7. e3 Be7 8.
Rc1 O-O 9. a3 a5 10. Qc2 dxc4 11. Bxc4 b5 12. Bd3 Bb7 13. O-O Rc8 14. Rfd1
Re8 15. Ne5 Ba8 16. Bxf6 Nxf6 17. Ne4 Nd5 18. Nc5 Bxc5 19. Qxc5 Nb6 20. b3
f6 21. Nf3 Nd7 22. Qd6 Qc7 23. Qxc7 Rxc7 24. Bxb5 Rb8 25. Bc4 Kf7 26. e4
Nb6 27. Bf1 Nd7 28. d5 exd5 29. exd5 c5 30. d6 Ra7 31. Bc4+ Kf8 32. Nh4 Ne5
33. Bd5 Bxd5 34. Rxd5 Rxb3 35. Rdxc5 Rd7 36. Rxa5 Rxd6 37. Ra8+ Kf7 38. Nf5
Rd7 39. h3 Kg6 40. Ne3 Rb2 41. Rac8 Ra2 42. R8c3 Ra7 43. f4 Nf7 44. Rc7
R2xa3 45. Nd5 Nd6 46. R1c6 Nb5 47. Rxa7 Rxa7 48. g4 Ra1+ 49. Kf2 Ra2+ 50.
Kg3 Ra3+ 51. Kh4 Nd4 52. f5+ Kh7 53. Rc7 Ra6 54. Ne7 Nf3+ 55. Kh5 Ne5 56.
h4 Ra5 57. Rb7 Rc5 58. Ra7 Nd3 59. Ng6 Rc8 60. Ra3 Ne5 61. Re3 Nxg6 62.
fxg6+ Kg8 63. Rf3 Rc5+ 64. Rf5 Rxf5+ 65. gxf5 Kf8 66. Kg4 Ke7 67. Kf4 Kd6
68. Ke4 Kc5 69. Ke3 Kd5 70. h5 Ke5 71. Kd3 Kxf5 72. Kd4 Ke6 73. Ke4 f5+ 74.
Kd4 Kf6 75. Kd5 f4 76. Ke4 Kg5 77. Kf3 Kf5 0-1

[Event "World Blitz 2023"]
[Site "Samarkand UZB"]
[Date "2023.12.30"]
[Round "20.19"]
[White "Anton Guijarro, David"]
[Black "Madaminov, Mukhiddin"]
[Result "1-0"]
[WhiteElo "2616"]
[BlackElo "2460"]
[EventDate "2023.12.29"]

1. Nf3 Nf6 2. b3 g6 3. Bb2 Bg7 4. g3 d6 5. Bg2 O-O 6. O-O e5 7. c4 a5 8.
Nc3 Nc6 9. d3 Re8 10. e3 h6 11. a3 Bf5 12. Qe2 Qd7 13. Nd2 Bg4 14. Qe1 Bh3
15. Rc1 Rad8 16. Nd5 Nxd5 17. cxd5 Bxg2 18. Kxg2 Ne7 19. e4 c6 20. dxc6
Nxc6 21. Nc4 Qe6 22. Nxa5 Nxa5 23. Qxa5 Qxb3 24. Qc3 Qe6 25. Qb4 d5 26. Rc7
Rd6 27. Rxb7 Red8 28. Qb3 h5 29. h3 h4 30. g4 Bh6 31. a4 Bf4 32. a5 dxe4
33. Qxe6 Rxe6 34. dxe4 Rc6 35. Ba3 Rd3 36. Be7 g5 37. Rfb1 Rc2 38. R7b3
Rdd2 39. Rf3 Ra2 40. Rb5 Kg7 41. Rxf4 exf4 42. Rxg5+ Kh7 43. Rh5+ Kg6 44.
Bxh4 Rd3 45. Rg5+ Kh7 46. Rf5 Kg6 47. Rxf4 Rxa5 48. Rf6+ Kg7 49. Rf3 Rd1
50. Bf6+ Kh7 51. e5 Raa1 52. Kg3 Rg1+ 53. Kh4 Kg6 54. Rf5 Ra3 55. Rg5+ Kh6
56. Rg7 Rf3 57. g5+ Rxg5 58. Rxg5 Rxf2 59. Rg4 Rf1 60. Kg3 Kh5 61. Rg7 Kh6
62. Rxf7 Kg6 63. Rg7+ Kh6 64. Ra7 Kg6 65. Ra4 Kf5 66. Kg2 Rb1 67. Ra2 Re1
68. Rf2+ Kg6 69. Kg3 Re4 70. Kf3 Ra4 71. h4 Kh5 72. Ke3 Kg6 73. Rf4 Ra1 74.
Bg5 Kh5 75. Ke4 Ra6 76. Rf1 Rb6 77. Kd5 Rb5+ 78. Kd6 Rb6+ 79. Kc5 Ra6 80.
Re1 Ra5+ 81. Kb6 Ra8 82. e6 Kg6 83. Kb7 Rh8 84. Rf1 Re8 85. e7 Kg7 86. h5
Kh7 87. Rf7+ Kg8 88. Rf3 Kg7 89. Kc7 Ra8 90. Rd3 Kf7 91. Rd8 Ra7+ 92. Kb6
Rxe7 93. Bxe7 1-0

[Event "World Blitz 2023"]
[Site "Samarkand UZB"]
[Date "2023.12.30"]
[Round "20.20"]
[White "Adhiban, B."]
[Black "Haldorsen, Benjamin"]
[Result "1-0"]
[WhiteElo "2576"]
[BlackElo "2405"]
[EventDate "2023.12.29"]

1. e4 c5 2. Nf3 e6 3. d4 cxd4 4. Nxd4 Nc6 5. Nc3 Qc7 6. Ncb5 Qb8 7. Bd3 Ne5
8. O-O a6 9. Nc3 Nf6 10. Be2 Bc5 11. Be3 d6 12. f4 Ng6 13. Qd2 O-O 14. Kh1
b5 15. a3 Bb7 16. Nb3 Bxe3 17. Qxe3 Qc7 18. Bd3 e5 19. fxe5 Ng4 20. Qg3
N4xe5 21. Nd4 Qe7 22. Nf5 Qe6 23. h4 h5 24. Be2 d5 25. exd5 Bxd5 26. Nxd5
Qxd5 27. Bxh5 Rae8 28. Rae1 Qc6 29. Bd1 Nd7 30. Rxe8 Rxe8 31. h5 Qf6 32.
Nh6+ gxh6 33. Rxf6 Nxf6 34. hxg6 Ne4 35. gxf7+ Kxf7 36. Bh5+ Ke7 37. Qe5+
1-0

[Event "World Blitz 2023"]
[Site "Samarkand UZB"]
[Date "2023.12.30"]
[Round "20.22"]
[White "Omonov, Asrorjon"]
[Black "Chigaev, Maksim"]
[Result "0-1"]
[WhiteElo "2069"]
[BlackElo "2561"]
[EventDate "2023.12.29"]

1. d4 Nf6 2. c4 g6 3. Nc3 Bg7 4. e4 d6 5. h3 e5 6. Nf3 exd4 7. Nxd4 O-O 8.
Be3 Re8 9. Bd3 d5 10. cxd5 Nxd5 11. Nxd5 c6 12. O-O cxd5 13. exd5 Qxd5 14.
Be2 a6 15. Bf3 Qa5 16. Qb3 Nd7 17. Rac1 Ne5 18. Be2 b5 19. Rfd1 Bb7 20. Bf1
Rad8 21. Nc2 Nc6 22. a3 Qa4 23. Qxa4 bxa4 24. Nd4 Nxd4 25. Rd3 Be4 26. Rdd1
Nc2 27. Bd2 Bxb2 0-1

[Event "World Blitz 2023"]
[Site "Samarkand UZB"]
[Date "2023.12.30"]
[Round "20.23"]
[White "Hong, Andrew"]
[Black "Cheparinov, Ivan"]
[Result "0-1"]
[WhiteElo "2460"]
[BlackElo "2613"]
[EventDate "2023.12.29"]

1. e4 e5 2. Nf3 Nc6 3. Bc4 Nf6 4. d3 d5 5. exd5 Nxd5 6. O-O Be7 7. Re1 f6
8. a4 Bg4 9. Nbd2 Qd7 10. a5 a6 11. h3 Be6 12. c3 O-O 13. d4 exd4 14. Nb3
Bf7 15. Nbxd4 Nxd4 16. Nxd4 Rfe8 17. Bd2 Rad8 18. Qf3 Bf8 19. Rad1 c6 20.
h4 Rxe1+ 21. Bxe1 Qc7 22. b4 Re8 23. Bd2 Qe5 24. Re1 Qb8 25. Rxe8 Qxe8 26.
Nf5 g6 27. Nd4 Qe5 28. Bd3 Nxb4 29. Bb1 Nd5 30. g3 Ne7 31. Kh2 Bd5 32. Qd3
f5 33. Bf4 Qe4 34. Qd1 Qg2# 0-1

[Event "World Blitz 2023"]
[Site "Samarkand UZB"]
[Date "2023.12.30"]
[Round "20.24"]
[White "Piorun, Kacper"]
[Black "Aditya, Mittal"]
[Result "0-1"]
[WhiteElo "2589"]
[BlackElo "2425"]
[EventDate "2023.12.29"]

1. e4 e5 2. Bc4 Nf6 3. Nc3 Nc6 4. d3 Na5 5. Bb3 Bc5 6. Be3 Nxb3 7. axb3
Bxe3 8. fxe3 d6 9. Qf3 c6 10. Nge2 O-O 11. Ng3 g6 12. O-O Kg7 13. h3 h5 14.
d4 Nh7 15. Nh1 Qh4 16. Qf2 Qg5 17. Qg3 h4 18. Qxg5 Nxg5 19. Nf2 Re8 20. Ra4
Bd7 21. Rd1 Re7 22. Ra5 b6 23. Ra6 f5 24. dxe5 dxe5 25. exf5 gxf5 26. Nd3
Be8 27. Nb4 Ne6 28. Rda1 Nc5 29. R6a3 e4 30. Ne2 a5 31. c3 Rd8 32. Nc2 Rd2
33. Ncd4 Kf6 34. b4 axb4 35. cxb4 Nd3 36. Rf1 Re5 37. Ra8 Bh5 38. Nc3 Nxb2
39. Nxf5 Ke6 40. Ng7+ Ke7 41. Ra7+ Rd7 42. Nf5+ Kd8 43. Ra8+ Kc7 44. Nd4
Nc4 45. Rf6 Kb7 46. Rh8 Be8 47. Rff8 Rde7 48. Rf4 c5 49. bxc5 bxc5 50. Ndb5
Kb6 51. Rh6+ Ka5 52. Rf1 0-1

[Event "World Blitz 2023"]
[Site "Samarkand UZB"]
[Date "2023.12.30"]
[Round "20.25"]
[White "Kosakowski, Jakub"]
[Black "Vasquez Schroeder, Rodrigo"]
[Result "1-0"]
[WhiteElo "2485"]
[BlackElo "2582"]
[EventDate "2023.12.29"]

1. e4 c5 2. Nf3 d6 3. d4 cxd4 4. Nxd4 Nf6 5. Nc3 a6 6. Bc4 e6 7. Be3 b5 8.
Bb3 Qc7 9. Qe2 b4 10. Na4 Be7 11. O-O O-O 12. c3 bxc3 13. Nxc3 Bd7 14. Rac1
Qb7 15. f4 Nc6 16. f5 Nxd4 17. Bxd4 Kh8 18. Kh1 Rae8 19. fxe6 fxe6 20. e5
dxe5 21. Bxe5 Bc6 22. Bc4 a5 23. Ba6 Qa8 24. Bd3 Kg8 25. Bb1 Rf7 26. h3 g6
27. Kh2 Ref8 28. Bg3 Nh5 29. Rxf7 Rxf7 30. Be5 Bc5 31. Ne4 Bb6 32. Qg4 Rf5
33. Bg3 Nf6 34. Nxf6+ Rxf6 35. Be5 Rf2 36. Qxe6+ Kf8 37. Qd6+ Kf7 38. Qxc6
Qxc6 39. Rxc6 Be3 40. Be4 Rf1 41. Bd5+ Ke7 42. Re6+ Kd7 43. Kg3 Bf2+ 44.
Kg4 Be3 45. h4 h5+ 46. Kh3 Bf2 47. Bh2 Rd1 48. Re2 Rd3+ 49. Bf3 Bd4 50. Be5
Bc5 51. Bc3 Kc8 52. Rd2 Re3 53. Bd4 Bxd4 54. Rxd4 1-0

[Event "World Blitz 2023"]
[Site "Samarkand UZB"]
[Date "2023.12.30"]
[Round "20.26"]
[White "Garayev, Kanan"]
[Black "Tari, Aryan"]
[Result "0-1"]
[WhiteElo "2260"]
[BlackElo "2577"]
[EventDate "2023.12.29"]

1. c4 e5 2. Nc3 Nf6 3. Nf3 Nc6 4. e3 Bb4 5. Qc2 Bxc3 6. bxc3 O-O 7. d3 d6
8. e4 h6 9. g3 Be6 10. Bg2 Nd7 11. Nh4 a6 12. a4 Rb8 13. O-O b5 14. cxb5
axb5 15. axb5 Rxb5 16. Nf5 Ne7 17. Ne3 Nc5 18. f4 exf4 19. gxf4 f5 20. Ba3
Qd7 21. c4 Ra5 22. Bb2 Rxa1 23. Rxa1 fxe4 24. Qc3 Ng6 25. f5 Bxf5 26. Nxf5
Rxf5 27. dxe4 Rg5 28. Kh1 Nf4 29. Bf3 Qh3 30. Rg1 Ncd3 31. Rxg5 Qf1+ 0-1

[Event "World Blitz 2023"]
[Site "Samarkand UZB"]
[Date "2023.12.30"]
[Round "20.27"]
[White "Zvjaginsev, Vadim"]
[Black "Suyarov, Mukhammadzokhid"]
[Result "0-1"]
[WhiteElo "2570"]
[BlackElo "2449"]
[EventDate "2023.12.29"]

1. Nf3 d5 2. g3 Bg4 3. Bg2 Nf6 4. h3 Bh5 5. O-O e6 6. c4 c6 7. Qb3 Qb6 8.
d3 Nbd7 9. Be3 Qc7 10. Nc3 Bd6 11. Rac1 Qb8 12. cxd5 exd5 13. Nd4 Bg6 14.
f4 O-O 15. Bf2 Re8 16. Rce1 h5 17. e4 h4 18. e5 Nxe5 19. fxe5 Bxe5 20. Rxe5
Qxe5 21. Nf3 Qc7 22. Nxh4 Bh7 23. Qd1 Re6 24. Qf3 Rae8 25. g4 Qe7 26. Nf5
Qb4 27. Nd4 R6e7 28. Nb3 b6 29. Nd4 Qxb2 30. Nd1 Qxa2 31. Nxc6 Rc7 32. Nd4
Qd2 33. g5 Qxg5 34. Be3 Qe5 35. Qf2 Rcc8 36. Bf4 Qh5 37. Qg3 Qg6 38. Nf2
Qxg3 39. Bxg3 a6 40. Bh4 Nd7 41. Bxd5 Ne5 42. Ng4 Rc7 43. Bg3 Rd7 44. Nxe5
Rxd5 45. Nef3 Bxd3 46. Rc1 Rd7 47. Rc3 Be4 48. Kf2 Bxf3 49. Nxf3 f6 50. Rc6
Rb7 51. Nd4 a5 52. Nb5 Ra8 53. Nd6 Rba7 54. Rxb6 a4 55. Nb5 Ra6 56. Rb7 a3
0-1

[Event "World Blitz 2023"]
[Site "Samarkand UZB"]
[Date "2023.12.30"]
[Round "20.28"]
[White "Dardha, Daniel"]
[Black "Agmanov, Zhandos"]
[Result "1-0"]
[WhiteElo "2568"]
[BlackElo "2407"]
[EventDate "2023.12.29"]

1. e4 e6 2. Qg4 d5 3. d3 Nf6 4. Qe2 Be7 5. Nf3 O-O 6. g3 c5 7. Bg2 Nc6 8.
O-O Qc7 9. a4 b6 10. Bf4 e5 11. exd5 exf4 12. dxc6 fxg3 13. hxg3 Bd6 14.
Nc3 a6 15. Ng5 Bg4 16. Qd2 Rad8 17. Rfe1 Be5 18. Nge4 Nxe4 19. Rxe4 f5 20.
Nd5 Rxd5 21. Rxg4 Rd6 22. Rc4 f4 23. gxf4 Bxb2 24. Rb1 Bd4 25. c3 Bf6 26.
a5 b5 27. Rxc5 Be7 28. Qe3 Rg6 29. Re5 Qxc6 30. Qe4 Qxe4 31. Rxe4 Bd6 32.
c4 bxc4 33. Rxc4 Bxf4 34. Rb6 Bd2 35. Kf1 Rgf6 36. Bd5+ Kh8 37. Rxf6 gxf6
38. Rc6 Bxa5 39. Rxa6 Bc3 40. Ke2 Re8+ 41. Kf3 Re7 42. Rc6 Bd4 43. Be4 Kg7
44. Rc4 Be5 45. d4 Bd6 46. Rc6 Bc7 47. d5 Be5 48. Bf5 Ra7 49. d6 Ra3+ 50.
Kg2 Bxd6 51. Rxd6 h5 52. Rd7+ Kh6 53. f4 Ra2+ 54. Kf1 Ra1+ 55. Ke2 Ra2+ 56.
Kd1 1-0

[Event "World Blitz 2023"]
[Site "Samarkand UZB"]
[Date "2023.12.30"]
[Round "20.29"]
[White "Henriquez Villagra, Cristobal"]
[Black "Gurel, Ediz"]
[Result "0-1"]
[WhiteElo "2568"]
[BlackElo "2359"]
[EventDate "2023.12.29"]

1. g3 e5 2. Bg2 d5 3. d3 Nf6 4. Nf3 Nc6 5. O-O Bd6 6. c4 dxc4 7. dxc4 O-O
8. Nc3 Be6 9. b3 h6 10. Bb2 a6 11. Nd5 Nd7 12. Qd2 f5 13. Rad1 Qe8 14. Qe3
Rd8 15. Rd2 Qf7 16. Rfd1 Bc5 17. Qc3 e4 18. Nxc7 exf3 19. Nxe6 fxg2 20.
Rxd7 Rxd7 21. Rxd7 Qxd7 22. Nxc5 Qe7 23. Ne6 Rf6 24. Nf4 Rd6 25. Nd5 Qf7
26. Kxg2 Rd7 27. Qe3 Ne7 28. Nb6 Rd6 29. c5 Re6 30. Qd3 Nc6 31. e3 Ne5 32.
Qd4 Nc6 33. Qd3 Ne5 34. Qd5 Nc6 35. a3 Re7 36. Qd1 Qe6 37. b4 Qe4+ 38. Kf1
Kh7 39. Kg1 Re8 40. Bc3 Rd8 41. Qe2 Rd3 42. Qb2 Rd1+ 0-1

[Event "World Blitz 2023"]
[Site "Samarkand UZB"]
[Date "2023.12.30"]
[Round "20.30"]
[White "Pranav, V"]
[Black "Tsaruk, Maksim"]
[Result "1-0"]
[WhiteElo "2562"]
[BlackElo "2378"]
[EventDate "2023.12.29"]

1. e4 e5 2. Nf3 Nc6 3. Bb5 a6 4. Ba4 Nf6 5. O-O Be7 6. d3 b5 7. Bb3 d6 8.
c3 O-O 9. a4 b4 10. a5 Be6 11. Ba4 Nxa5 12. cxb4 Nb7 13. Bc6 Qc8 14. Bg5
Rb8 15. Bd2 Nd8 16. Ba4 d5 17. Nxe5 dxe4 18. Re1 Bd6 19. Bc3 Qb7 20. Nd2
exd3 21. Nxd3 Nd5 22. Ne4 Nxc3 23. bxc3 Bd5 24. Nec5 Qa8 25. Nd7 Bxg2 26.
Nxf8 Ne6 27. Nxe6 fxe6 28. Qg4 Bd5 29. c4 Bf3 30. Qxe6+ Kh8 31. Qe8+ Bf8
32. Qxb8 Qxb8 33. Re8 1-0

[Event "World Blitz 2023"]
[Site "Samarkand UZB"]
[Date "2023.12.30"]
[Round "20.31"]
[White "Pranesh, M"]
[Black "Ruck, Robert"]
[Result "0-1"]
[WhiteElo "2481"]
[BlackElo "2561"]
[EventDate "2023.12.29"]

1. e4 c6 2. d4 d5 3. e5 Bf5 4. Nf3 e6 5. Be2 Ne7 6. O-O h6 7. c3 Nd7 8. a4
Bh7 9. a5 Ng6 10. Ne1 Be7 11. b4 O-O 12. f4 f6 13. Bd3 fxe5 14. fxe5 Rxf1+
15. Kxf1 Bg5 16. Kg1 Bxc1 17. Qxc1 Qh4 18. g3 Qg4 19. Nd2 Ngf8 20. Qd1 Qg5
21. Qe2 Re8 22. Nb3 Re7 23. Kg2 Rf7 24. Bxh7+ Nxh7 25. Nd3 Qg6 26. h4 Nhf8
27. Nbc5 Nxc5 28. bxc5 a6 29. Kh2 Qf5 30. Rb1 g5 31. h5 g4 32. Kg2 Nh7 33.
Rf1 Qxh5 34. Nf4 Qf5 35. Rh1 Ng5 36. Rxh6 Rh7 37. Rxh7 Kxh7 38. Nh5 Ne4 39.
Nf4 Nxc3 40. Qd2 Ne4 41. Qe1 Kg8 42. Qb1 Nxg3 43. Qxf5 Nxf5 44. Nxe6 Kf7
45. Nd8+ Ke7 46. Nxb7 Nxd4 47. Kg3 Ke6 48. Kf4 g3 49. Kxg3 Kxe5 50. Nd8 Ke4
51. Kg4 Kd3 52. Kf4 Kc4 53. Ke5 Kxc5 54. Nb7+ Kc4 55. Kd6 Kb5 56. Nd8 Nf5+
57. Ke5 Ne3 58. Kd4 Nc4 59. Nb7 Nxa5 60. Nc5 Kb6 61. Na4+ Kc7 62. Nc5 Kd6
63. Nxa6 Nb7 64. Kd3 c5 65. Nb8 Na5 66. Na6 Nc4 67. Kc3 Ne5 68. Nb8 Nd7 69.
Na6 Kc6 70. Kb3 Kb6 71. Nb4 cxb4 72. Kxb4 Kc6 73. Kc3 Kc5 74. Kd3 d4 75.
Kd2 Kc4 76. Kc2 d3+ 77. Kd2 Kd4 78. Kd1 Kc3 79. Kc1 d2+ 80. Kd1 Nb6 81. Ke2
Kc2 82. Ke3 d1=Q 83. Kf4 Qe2 84. Kf5 Qe3 85. Kf6 Kd3 86. Kf5 Kd4 87. Kf6
Kd5 88. Kf5 Qf3+ 89. Kg5 Ke5 90. Kg6 Ke6 91. Kg5 Qg3+ 92. Kh5 Kf6 0-1

[Event "World Blitz 2023"]
[Site "Samarkand UZB"]
[Date "2023.12.30"]
[Round "20.32"]
[White "Moiseenko, Alexander"]
[Black "Abdurakhmonov, Mukhammadali"]
[Result "1/2-1/2"]
[WhiteElo "2556"]
[BlackElo "2214"]
[EventDate "2023.12.29"]

1. d4 Nf6 2. Bg5 d5 3. e3 c5 4. Bxf6 gxf6 5. dxc5 Nc6 6. a3 e6 7. b4 a5 8.
Nd2 axb4 9. axb4 Rxa1 10. Qxa1 Nxb4 11. Qa4+ Nc6 12. Bb5 Bd7 13. Nb3 Rg8
14. g3 f5 15. Ne2 Rg4 16. f4 h5 17. Kf2 h4 18. Ned4 Qc8 19. Bxc6 Bxc6 20.
Nxc6 Qxc6 21. Qxc6+ bxc6 22. Ra1 hxg3+ 23. hxg3 Be7 24. Ra8+ Kd7 25. Ra7+
Kd8 26. Na5 Bxc5 27. Nxc6+ Kc8 28. Rxf7 Rg6 29. Ne7+ Bxe7 30. Rxe7 Rh6 31.
Ke2 Kd8 32. Rg7 Ke8 33. Kd3 Kf8 34. Ra7 Rg6 35. Kd4 Rxg3 36. Ra3 Kf7 37.
Ke5 Kg6 38. Rb3 Kf7 39. Rd3 Rh3 40. Ra3 Rg3 41. Rb3 Rh3 42. Rb7+ Kg6 43.
Kxe6 Rxe3+ 44. Kxd5 Rc3 45. Rb6+ Kh5 46. Rc6 Ra3 47. Rc4 Kg4 48. Ke5 Ra5+
49. Kd6 Ra6+ 50. Kc5 Re6 51. Kd5 Re1 52. c3 Rd1+ 53. Kc6 Rf1 54. Kd5 Rxf4
55. Rxf4+ Kxf4 56. c4 Kg3 57. c5 f4 58. c6 f3 59. c7 f2 60. c8=Q f1=Q 61.
Ke4 1/2-1/2

[Event "World Blitz 2023"]
[Site "Samarkand UZB"]
[Date "2023.12.30"]
[Round "20.33"]
[White "Abdisalimov, Abdimalik"]
[Black "Ponkratov, Pavel"]
[Result "0-1"]
[WhiteElo "2417"]
[BlackElo "2547"]
[EventDate "2023.12.29"]

1. d4 Nf6 2. c4 e6 3. Nc3 Bb4 4. e3 c5 5. Bd3 d5 6. cxd5 exd5 7. a3 Ba5 8.
Ne2 c4 9. Bc2 O-O 10. O-O Re8 11. f3 Nc6 12. h3 Rb8 13. e4 dxe4 14. Bg5 e3
15. Ne4 Bf5 16. d5 Bxe4 17. fxe4 Ne5 18. Bxf6 gxf6 19. Ng3 Kh8 20. Nh5 Rg8
21. Nxf6 Rg6 22. Nh5 Qd6 23. Kh1 Rbg8 24. Nf4 Rg3 25. Qe2 Bc7 26. Rad1 b5
27. Rde1 Qh6 28. Rd1 Bd6 29. Rde1 Nd3 30. Bxd3 Bxf4 31. Rxf4 Qxf4 32. Rf1
cxd3 33. Qxd3 Qe5 0-1

[Event "World Blitz 2023"]
[Site "Samarkand UZB"]
[Date "2023.12.30"]
[Round "20.34"]
[White "Ivic, Velimir"]
[Black "Orozbaev, Eldiar"]
[Result "1/2-1/2"]
[WhiteElo "2542"]
[BlackElo "2236"]
[EventDate "2023.12.29"]

1. e4 e6 2. d4 d5 3. Nc3 Nf6 4. e5 Nfd7 5. f4 c5 6. Nf3 Nc6 7. Be3 Qb6 8.
Na4 Qa5+ 9. c3 cxd4 10. b4 Nxb4 11. cxb4 Bxb4+ 12. Bd2 Bxd2+ 13. Nxd2 O-O
14. Bd3 b5 15. Nb2 Nb6 16. O-O Nc4 17. Bxh7+ Kxh7 18. Qh5+ Kg8 19. Nf3 g6
20. Qh6 Qc7 21. Nd3 f5 22. Qxg6+ Qg7 23. Qxg7+ Kxg7 24. Nxd4 Rb8 25. Rf3
Kf7 26. Rh3 Rg8 27. Rh6 Rg6 28. Rxg6 Kxg6 29. h3 a5 30. g4 fxg4 31. hxg4
Ne3 32. Kf2 Nxg4+ 33. Kf3 Nh6 34. Rg1+ Kf7 35. Rc1 Nf5 36. Nxf5 exf5 37.
Rc7+ Ke8 38. Ra7 a4 39. a3 Rb7 40. Ra8 Rc7 41. Ke3 Kd7 42. Nb4 Rc3+ 43. Kd4
Rc4+ 44. Kd3 Bb7 45. Rf8 Rxf4 46. Rf7+ Kc8 47. e6 Re4 48. e7 f4 49. Nc2 f3
50. Nd4 f2 51. Rxf2 Rxe7 52. Rc2+ Kd7 53. Rc5 Kd6 54. Rc1 Kd7 55. Rc5 Kd6
56. Rc1 Kd7 57. Rc5 Re5 58. Nxb5 Ba6 59. Kd4 Rh5 60. Rc7+ Kd8 61. Rc5 Kd7
62. Rxd5+ Rxd5+ 63. Kxd5 1/2-1/2

[Event "World Blitz 2023"]
[Site "Samarkand UZB"]
[Date "2023.12.30"]
[Round "20.35"]
[White "Grebnev, Aleksey"]
[Black "Vrolijk, Liam"]
[Result "1-0"]
[WhiteElo "2404"]
[BlackElo "2487"]
[EventDate "2023.12.29"]

1. d4 Nf6 2. c4 e6 3. Nc3 Bb4 4. e3 O-O 5. Bd2 d5 6. Nf3 b6 7. cxd5 exd5 8.
Bd3 Re8 9. O-O Bd6 10. Nb5 Bf8 11. Ne5 a6 12. Nc3 c5 13. f4 Bb7 14. Be1
cxd4 15. exd4 Ne4 16. Nxe4 dxe4 17. Bc4 Bd5 18. Qb3 Bxc4 19. Qxc4 Ra7 20.
Rc1 b5 21. Qc3 Qd5 22. a3 Nd7 23. Bf2 Nb6 24. Rfe1 Raa8 25. Qc6 Qxc6 26.
Rxc6 Nd5 27. Bg3 e3 28. Kf1 f6 29. Nf3 Re4 30. Ke2 b4 31. axb4 Nxb4 32. Rc4
Nd5 33. Rec1 Rb8 34. R1c2 Bd6 35. Rc8+ Rxc8 36. Rxc8+ Kf7 37. f5 Bxg3 38.
hxg3 Rg4 39. Rc5 Ne7 40. Kxe3 Rxg3 41. Kf2 Rg4 42. Ra5 Rf4 43. Rxa6 Nxf5
44. g3 Rg4 45. Ra7+ Kg6 46. Ra6 Nxg3 47. Ne5+ 1-0

[Event "World Blitz 2023"]
[Site "Samarkand UZB"]
[Date "2023.12.30"]
[Round "20.36"]
[White "Quparadze, Giga"]
[Black "Van Foreest, Lucas"]
[Result "1-0"]
[WhiteElo "2617"]
[BlackElo "2519"]
[EventDate "2023.12.29"]

1. e4 e5 2. Nf3 Nc6 3. Bb5 Nf6 4. O-O Nxe4 5. d4 Nd6 6. Bxc6 dxc6 7. dxe5
Nf5 8. Qxd8+ Kxd8 9. h3 Be7 10. Rd1+ Ke8 11. Nc3 Nh4 12. Nxh4 Bxh4 13. g4
h5 14. f3 Be7 15. Ne4 Be6 16. Kg2 Bd5 17. Nc3 Be6 18. Be3 f6 19. Bf4 hxg4
20. hxg4 f5 21. g5 Kf7 22. Ne2 Rad8 23. Be3 a6 24. Nf4 g6 25. Rxd8 Bxd8 26.
Nxe6 Kxe6 27. f4 Be7 28. c4 c5 29. Rd1 a5 30. a4 b6 31. Bf2 Rh7 32. Rd3 Rh8
33. Rb3 Rh7 34. Be1 Rh8 35. Rb5 Rd8 36. Bf2 Rd3 37. b4 cxb4 38. c5 bxc5 39.
Rxa5 c4 40. Ra6+ Kd5 41. Ra7 Kc6 42. Ra6+ Kb7 43. Rxg6 c3 44. a5 c6 45. a6+
Kxa6 46. Rxc6+ Kb5 47. Rc8 Rd2 48. g6 Bh4 49. g7 Rxf2+ 50. Kh3 Rf3+ 51.
Kxh4 Rxf4+ 52. Kh5 Rf1 53. g8=Q Rh1+ 54. Kg6 Rg1+ 55. Kxf5 Rxg8 56. Rxg8 c2
57. Rc8 b3 58. e6 b2 59. e7 b1=Q 60. e8=Q+ Kb4 61. Qe4+ Kb3 62. Qc4+ Kb2
63. Qc3+ Kc1 64. Qe1+ 1-0

[Event "World Blitz 2023"]
[Site "Samarkand UZB"]
[Date "2023.12.30"]
[Round "20.37"]
[White "Kezin, Roman"]
[Black "Asadli, Vugar"]
[Result "1-0"]
[WhiteElo "2492"]
[BlackElo "2584"]
[EventDate "2023.12.29"]

1. d4 Nf6 2. c4 g6 3. g3 Bg7 4. Bg2 O-O 5. Nc3 d6 6. Nf3 Bf5 7. Nh4 Bc8 8.
O-O c5 9. dxc5 dxc5 10. Bf4 Qa5 11. Qc1 Nc6 12. Nf3 Be6 13. Ne5 Rac8 14.
Nxc6 bxc6 15. b3 Rfd8 16. Be5 h5 17. Qb2 h4 18. Rfd1 Rxd1+ 19. Rxd1 Nh5 20.
Bxg7 Nxg7 21. gxh4 Qc7 22. Ne4 Qf4 23. Nxc5 Qxh4 24. Qd4 Qh5 25. Bf3 Qg5+
26. Kh1 Bh3 27. Rg1 Qh6 28. Ne4 Ne6 29. Qxa7 Qh4 30. Qe3 Rd8 31. Ng5 Nxg5
32. Qxg5 Qxf2 33. Qxe7 Rd4 34. Qe8+ Kg7 35. Qe5+ Kg8 36. Qg3 Qxg3 37. hxg3
Rd2 38. g4 Rxa2 39. Kh2 1-0

[Event "World Blitz 2023"]
[Site "Samarkand UZB"]
[Date "2023.12.30"]
[Round "20.38"]
[White "Xu, Xiangyu"]
[Black "Brunello, Sabino"]
[Result "1/2-1/2"]
[WhiteElo "2491"]
[BlackElo "2573"]
[EventDate "2023.12.29"]

1. d4 Nf6 2. Bf4 g6 3. Nc3 d5 4. e3 Bg7 5. h4 a6 6. Be2 c5 7. h5 O-O 8.
hxg6 hxg6 9. Nf3 Nc6 10. Kf1 Bf5 11. dxc5 Ne4 12. Nd4 Nxc3 13. bxc3 Bd7 14.
Bg5 f6 15. Bf3 e6 16. Bh6 Bxh6 17. Rxh6 Kg7 18. Rh4 Ne5 19. e4 dxe4 20.
Bxe4 Qc7 21. Nf3 Rad8 22. Kg1 Qxc5 23. Qd4 Nxf3+ 24. Bxf3 Qc7 25. Qb4 Bc6
26. Bxc6 bxc6 27. Qc4 Rh8 28. Rxh8 Rxh8 29. g3 Qe5 30. Qxc6 g5 31. Qb7+ Kg6
32. Qxa6 f5 33. Qd3 g4 34. Rd1 Qc7 35. Qd7 Qxd7 36. Rxd7 Ra8 37. c4 Rxa2
38. c3 Ra3 39. Rd3 Ra4 40. Rd4 Ra3 1/2-1/2

[Event "World Blitz 2023"]
[Site "Samarkand UZB"]
[Date "2023.12.30"]
[Round "20.40"]
[White "Khismatullin, Denis"]
[Black "Isanzhulov, Arystan"]
[Result "0-1"]
[WhiteElo "2552"]
[BlackElo "2431"]
[EventDate "2023.12.29"]

1. b3 d5 2. Bb2 Bg4 3. f3 Bd7 4. e4 e6 5. d4 dxe4 6. fxe4 Qh4+ 7. Kd2 Qxe4
8. Nf3 Nc6 9. a3 O-O-O 10. Nc3 Qg6 11. Qe2 Qh6+ 12. Ke1 Nf6 13. g3 e5 14.
dxe5 Ng4 15. Nd5 Bc5 16. Bg2 Rhe8 17. b4 Ncxe5 18. Nxe5 Nxe5 19. Bxe5 Bd6
20. Kf1 Rxe5 21. Qf2 Rf5 22. Bf3 Be6 23. c4 c6 24. Ne3 Re5 25. Re1 Re8 26.
h4 Rxe3 27. Rxe3 Bxc4+ 28. Re2 Bxe2+ 29. Bxe2 Re7 30. Kg2 Qe3 31. Bg4+ Kc7
32. Qc2 Qxg3+ 0-1

[Event "World Blitz 2023"]
[Site "Samarkand UZB"]
[Date "2023.12.30"]
[Round "20.41"]
[White "Nigmatov, Ortik"]
[Black "Najer, Evgeniy"]
[Result "1-0"]
[WhiteElo "2382"]
[BlackElo "2545"]
[EventDate "2023.12.29"]

1. e4 e6 2. d4 d5 3. Nc3 Nf6 4. e5 Nfd7 5. Nce2 c5 6. c3 Nc6 7. Nf3 Be7 8.
a3 O-O 9. Nf4 cxd4 10. cxd4 b5 11. h4 b4 12. Bd3 h6 13. g4 bxa3 14. bxa3
Ba6 15. g5 Bxd3 16. Qxd3 Qa5+ 17. Bd2 Bb4 18. gxh6 Bxd2+ 19. Nxd2 Ne7 20.
hxg7 Rfc8 21. Qf3 Rc2 22. Rd1 Nf5 23. Qh5 Nxg7 24. Rg1 Rxd2 25. Rxd2 Rc8
26. Nd3 Nf8 27. Qg5 Ng6 28. h5 Nxh5 29. Qxh5 Rc2 30. Rxg6+ 1-0